सरल पंचतन्त्र / (Record no. 56494)

MARC details
000 -LEADER
fixed length control field 00989 a2200229 4500
005 - DATE AND TIME OF LATEST TRANSACTION
control field 2011090701171.0
010 ## - LCCN (DPL NO)
LC control number G-001241
020 ## - INTERNATIONAL STANDARD BOOK NUMBER
Terms of availability 20.00
International Standard Book Number 9788170284505
035 ## - SYSTEM CONTROL NUMBER
System control number G-001241
037 ## - SOURCE OF ACQUISITION
Source of stock number/acquisition उपहार
082 14 - DEWEY DECIMAL CLASSIFICATION NUMBER
Classification number
100 1# - MAIN ENTRY--PERSONAL NAME
Personal name धर्मपाल शास्त्री
245 1# - TITLE STATEMENT
Title सरल पंचतन्त्र /
Statement of responsibility, etc धर्मपाल शास्त्री
246 ## - VARYING FORM OF TITLE
Title proper/short title
Remainder of title
260 ## - PUBLICATION, DISTRIBUTION, ETC. (IMPRINT)
Place of publication, distribution, etc दिल्ली
Name of publisher, distributor, etc राजपाल प्रकाशन
Date of publication, distribution, etc 2008
270 ## - ADDRESS
Address कश्मीरी गेट
City दिल्ली
Postal code 110006
300 ## - PHYSICAL DESCRIPTION
Extent 32पृ
Other physical details सचित्र
Dimensions 21सेमी (अजिल्द)
650 ## - SUBJECT ADDED ENTRY--TOPICAL TERM
Topical term or geographic name as entry element जीवनियाँ
942 ## - ADDED ENTRY ELEMENTS (KOHA)
Institution code [OBSOLETE] dpl
Item type Children Books
Call number prefix
Source of classification or shelving scheme Dewey Decimal Classification
Classification part
Call number suffix धर्मपा
Holdings
Withdrawn status Lost status Not for loan Collection code Home library Current library Date acquired Source of acquisition Cost, normal purchase price Full call number Barcode Copy number Cost, replacement price Koha item type
      Fiction Katevara Katevara 07/09/2011 उपहार 20.00 क धर्मपा G-001241 1 20.00 Children Books

© Delhi Public Library
Hit Counter
free hit counter